Language Quiz

Random Language Quiz

Quantité Quiz Stats

 Plays Quiz not verified by Sporcle

Score 0/14 Timer 10:00
0 Plays Today
Hint Answer % Correct
a little ofun peu de
87.5%
a lot ofbeaucoup de
83.9%
a piece of un morceau de
83.9%
a gram ofun gramme de
83.9%
too many/much oftrop de
82.1%
a slice of une tranche de
80.4%
a liter ofun litre de
78.6%
Hint Answer % Correct
no more ofne.. plus de
75%
a dozen ofune douzaine de
73.2%
a bottle ofune bouteille de
71.4%
a cup ofune tasse de
71.4%
not any ofpas de
64.3%
a fewquelques
58.9%
a spoonful ofune cuillère de
55.4%

You're not logged in!

Compare scores with friends on all Sporcle quizzes.
OR
Log In

You Might Also Like...

Show Comments

Extras

Created Mar 29, 2012ReportNominate
Tags:quantity

Top Quizzes Today


Score Distribution

Your Account Isn't Verified!

In order to create a playlist on Sporcle, you need to verify the email address you used during registration. Go to your Sporcle Settings to finish the process.

Report this User

Report this user for behavior that violates our Community Guidelines.

Details: